Quest for Industrial Peace (Record no. 224294)
[ view plain ]
| 000 -LEADER | |
|---|---|
| fixed length control field | 00567nam a22002057a 4500 |
| 005 - DATE AND TIME OF LATEST TRANSACTION | |
| control field | 20220729144608.0 |
| 008 - FIXED-LENGTH DATA ELEMENTS--GENERAL INFORMATION | |
| fixed length control field | 220729b ||||| |||| 00| 0 eng d |
| 040 ## - CATALOGING SOURCE | |
| Transcribing agency | AL |
| 041 ## - LANGUAGE CODE | |
| Language code of text/sound track or separate title | English |
| 082 ## - DEWEY DECIMAL CLASSIFICATION NUMBER | |
| Edition number | 23 |
| Classification number | 331.891 |
| Item number | COLE |
| 100 ## - MAIN ENTRY--PERSONAL NAME | |
| Personal name | David L Cole |
| 100 ## - MAIN ENTRY--PERSONAL NAME | |
| 9 (RLIN) | 54007 |
| 245 ## - TITLE STATEMENT | |
| Title | Quest for Industrial Peace |
| 260 ## - PUBLICATION, DISTRIBUTION, ETC. | |
| Place of publication, distribution, etc. | New York |
| Name of publisher, distributor, etc. | Mc Graw Hill Book Company Inc |
| 300 ## - PHYSICAL DESCRIPTION | |
| Extent | xi,164 p. |
| Other physical details | HB |
| Dimensions | 20.5x14 cm. |
| 650 ## - SUBJECT ADDED ENTRY--TOPICAL TERM | |
| Topical term or geographic name entry element | United States |
| 9 (RLIN) | 54008 |
| 650 ## - SUBJECT ADDED ENTRY--TOPICAL TERM | |
| Topical term or geographic name entry element | Labor disputes |
| 9 (RLIN) | 54009 |
| 650 ## - SUBJECT ADDED ENTRY--TOPICAL TERM | |
| Topical term or geographic name entry element | Labor policy |
| 9 (RLIN) | 54010 |
| 700 ## - ADDED ENTRY--PERSONAL NAME | |
| Personal name | COLE (David L) |
| 9 (RLIN) | 54011 |
| 942 ## - ADDED ENTRY ELEMENTS (KOHA) | |
| Source of classification or shelving scheme | Dewey Decimal Classification |
| Koha item type | George Fernandes Collections |
| Withdrawn status | Lost status | Source of classification or shelving scheme | Damaged status | Not for loan | Collection code | Home library | Current library | Date acquired | Total Checkouts | Full call number | Barcode | Date last seen | Price effective from | Koha item type |
|---|---|---|---|---|---|---|---|---|---|---|---|---|---|---|
| Dewey Decimal Classification | Economics | St Aloysius Library | St Aloysius Library | 03/23/2013 | 331.891 COLE | GF01801 | 07/29/2022 | 07/29/2022 | George Fernandes Collections |